00327nam a2200133Ia 4500008004100000041000800041082001600049100002000065245002600085250001800111260002200129300001100151650003100162231207s9999 xx 000 0 und d aeng a005.133/BAL aE. Balguruswamy aProgramming in ANSI C a2006, 3rd Edn bTata mc graw hill aPB/495 aComnputer Program Language